Random Russian Letters - Statistics

General Stats
  • This quiz has been taken 959 times
  • The average score is 8 of 10
Answer Stats
Russian English % Correct
Б B
94%
М M
91%
Р R
91%
А A
90%
О O
90%
Д D
89%
С S
89%
К K
88%
В V
88%
Э E
87%
Т T
87%
П P
86%
Ф F
85%
Г G
85%
Л L
84%
У U
83%
З Z
83%
Н N
82%
Ш SH
76%
Я YA
76%
Ч CH
75%
Ю YU
75%
Ж ZH
68%
Ц TS
60%
No matching quizzes found
Score Distribution
Percent of People with Each Score
Percentile by Number Answered
Your Score History
You have not taken this quiz